000
00300nam a2200121Ia 4500
008
220216s9999 xx 000 0 und d
100
_a
Fernando P
245
0
_a
Whats holding Lanka back on export front ?
260
_b
Rubber Asia
_c
2002
300
_a
134,140
700
_a
Fernando S M
942
_c
JS
999
_c
72381
_d
72381